Đặc điểm tu từ trong thư thương mại tiếng Anh
Zapisane w:
| 1. autor: | |
|---|---|
| Kolejni autorzy: | |
| Format: | Książka |
| Język: | English |
| Wydane: |
Đà Nẵng,
1992.
|
| Hasła przedmiotowe: | |
| Etykiety: |
Dodaj etykietę
Nie ma etykietki, Dołącz pierwszą etykiete!
|
| Thư viện lưu trữ: | Mạng thư viện Đại học Đà Nẵng |
|---|
| LEADER | 00982cmm a2200349 i 4500 | ||
|---|---|---|---|
| 001 | 000044835 | ||
| 003 | 3245 | ||
| 005 | 20030508154009.0 | ||
| 008 | 010312|1992 vm 000 eng | ||
| 040 | |a IRC |c IRC |d IRC | ||
| 041 | 0 | |a eng | |
| 082 | 1 | 4 | |a 428 |b VO-T |
| 100 | 1 | |a Võ Thị Bích Trâm. | |
| 245 | 0 | 0 | |a Đặc điểm tu từ trong thư thương mại tiếng Anh |h [Thesis-Luận văn] / |c Võ Thị Bích Trâm thực hiện ; Nguyễn Văn Mười hướng dẫn. |
| 260 | |a Đà Nẵng, |c 1992. | ||
| 300 | |a 91Tr. ; |c 31cm. | ||
| 630 | 0 | 4 | |a Anh ngữ. |
| 630 | 0 | 4 | |a Khoá luận. |
| 630 | 0 | 4 | |a Tu từ. |
| 630 | 0 | 4 | |a Thư thương mại. |
| 650 | 0 | 4 | |a Anh ngữ |x Tu từ. |
| 700 | 1 | |a Nguyễn Văn Mười, |e hướng dẫn. | |
| OWN | |a DUT | ||
| 999 | |a From the UDN01 | ||
| TYP | |a Computer file | ||
| TYP | |a Monograph | ||
| 980 | |a Mạng thư viện Đại học Đà Nẵng | ||